| 000 | 01270nam a22002777a 4500 | ||
|---|---|---|---|
| 001 | BD-DhSAU 8758 | ||
| 003 | BD-DhSAU | ||
| 005 | 20181212095345.0 | ||
| 008 | 150612b2010 bg a|||| m||| 00| 0 eng d | ||
| 040 | _aBD-DhSAU | ||
| 082 |
_222 _a595.7 _bSa214 |
||
| 100 |
_aSaikot, Tanvir Masum _eRegistration no. # 04-01352 |
||
| 245 |
_aEffect of supplemental potassium on the growth and yield of rice differing in salt tolerance / _bMS thesis _cTanvir Masum Saikot, |
||
| 260 |
_aSher-e-Bangla Agricultural Uniersity : _bDepartment of Agricultural Chemistry, _c2010. |
||
| 300 |
_avi,70 p. : _bill. ; _c30 cm. |
||
| 500 | _aMS thesis of Department of Agricultural Chemistry , Faculty of Agriculture, Sher-e-Bangla Agricultural University, Dhaka, Bangladesh | ||
| 504 | _aIncludes bibliographical reference. | ||
| 590 | _aerfat | ||
| 650 | _aAgricultural Chemistry | ||
| 650 | _aEffect of supplemental potassium on the growth | ||
| 650 | _aYield of rice differing in salt tolerance | ||
| 700 |
_aRazzaque, Md Abdur _eSuperviser |
||
| 700 |
_aMiah, Md Shahjahan _eCo-superviser |
||
| 856 | _uhttp://archive.saulibrary.edu.bd:8080/xmlui/handle/123456789/1924 | ||
| 942 |
_2ddc _cTHESIS |
||
| 999 |
_c8758 _d8758 |
||